| 000 | 01075nam a22002777a 4500 | ||
|---|---|---|---|
| 005 | 20170502144345.0 | ||
| 010 | _a1617EN ENG-116939 | ||
| 020 |
_c515.00 _a9780198737940 |
||
| 035 | _aB-651470-480 | ||
| 035 | _aB-666226 | ||
| 035 | _aEN-100471 | ||
| 037 |
_bPragati _adpl |
||
| 082 | _a541 | ||
| 100 | _aAtkins, Peter | ||
| 245 |
_aElements of physical chemistry / _c by Peter Atkins, Julio de Paula [and] David Smith |
||
| 250 | _a6th ed. | ||
| 260 |
_aNew Delhi _bOxford University Press _c2016 |
||
| 270 |
_aYMCA Library Building, 1, Jai Singh Road, _bNew Delhi _e110001 |
||
| 300 |
_axix,591p. : _c27cm(pbk) _b illus. |
||
| 500 | _aIncludes index | ||
| 700 | _aPaula, Julio de | ||
| 700 | _aSmith, David. | ||
| 942 |
_2ddc _cEN _h541 _mATK |
||
| 999 |
_c101829 _d101829 |
||